000 00436nam a22001457a 4500
005 20241002124006.0
008 170728b xxu||||| |||| 00| 0 eng d
020 _a9783319242279
040 _cPK-LaUMT
082 _a621.042
_bMAR-
245 _aMarkets and policy measures in the evolution of electric mobility /
_cedited by Dirk Fornahl and Mihael Hulsmann
260 _aNew York :
_bSpringer,
_c2016
300 _a215 p.
942 _cBK
999 _c95869
_d95869